Three great warriors : (Record no. 180645)
[ view plain ]
| 000 -LEADER | |
|---|---|
| fixed length control field | 00759nam a22001937a 4500 |
| 005 - DATE AND TIME OF LATEST TRANSACTION | |
| control field | 20210813105059.0 |
| 010 ## - LCCN (DPL NO) | |
| LC control number | B-741103 |
| 020 ## - INTERNATIONAL STANDARD BOOK NUMBER | |
| International Standard Book Number | 9789384925253 |
| Terms of availability | 400.00 |
| 035 ## - SYSTEM CONTROL NUMBER | |
| System control number | B-741103 |
| 037 ## - SOURCE OF ACQUISITION | |
| Source of stock number/acquisition | Shivalik Publications |
| 082 ## - DEWEY DECIMAL CLASSIFICATION NUMBER | |
| Classification number | 920 |
| 100 ## - MAIN ENTRY--PERSONAL NAME | |
| Personal name | Parashar, Riddhi |
| 245 ## - TITLE STATEMENT | |
| Title | Three great warriors : |
| Remainder of title | Tipu Sultan/Bhagat Singh/Shivaji / |
| Statement of responsibility, etc | by Riddhi Parashar |
| 260 ## - PUBLICATION, DISTRIBUTION, ETC. (IMPRINT) | |
| Place of publication, distribution, etc | Delhi |
| Name of publisher, distributor, etc | Shivalik Publications |
| Date of publication, distribution, etc | 2020 |
| 270 ## - ADDRESS | |
| Address | 21-D, Pocket-I, New Kondli, MIG Flats, Mayur Vihar, Phase-3 |
| City | Delhi |
| Postal code | 110096 |
| 300 ## - PHYSICAL DESCRIPTION | |
| Extent | 158p.: |
| Dimensions | 22cm(Hb) |
| Other physical details | ill. |
| 942 ## - ADDED ENTRY ELEMENTS (KOHA) | |
| Source of classification or shelving scheme | Dewey Decimal Classification |
| Item type | English Books |
| Classification part | 920 |
| Call number suffix | PAR |
| Withdrawn status | Lost status | Not for loan | Collection code | Home library | Current library | Date acquired | Source of acquisition | Cost, normal purchase price | Full call number | Barcode | Copy number | Cost, replacement price | Koha item type | Public note |
|---|---|---|---|---|---|---|---|---|---|---|---|---|---|---|
| Non-fiction | Central Library | Central Library | 13/08/2021 | Gift/Eng/09-08-2021 | 400.00 | 920 PAR | B-741103 | 1 | 400.00 | English Books | Gift |
